| 000 | 00779nam a2200265Ia 4500 | ||
|---|---|---|---|
| 999 |
_c3321 _d3321 |
||
| 001 | 12136 | ||
| 003 | GBCCL | ||
| 005 | 20241126110452.0 | ||
| 008 | 811007r19711924miu 00010 eng d | ||
| 010 | _a 74156243 | ||
| 035 | _aOCM07826739 | ||
| 040 |
_aMOG _cMOG _dLBB |
||
| 049 | _aLBBK | ||
| 082 |
_a248.32 _bTOR |
||
| 090 |
_aBV210 _b.T6 1971 |
||
| 092 |
_a248.32 _bT694, 1971 |
||
| 100 | 1 | 0 |
_aTorrey, R. A. _q(Reuben Archer), _d1856-1928. _9598 |
| 245 | 1 | 4 |
_aThe power of prayer : _band the prayer of power / _cby R. A. Torrey. |
| 250 | _aZondervan Books ed. | ||
| 260 | 0 |
_aGrand Rapids, Mich. : _bZondervan Pub. House, _c1971, c1924. |
|
| 300 |
_a191 p. ; _c18 cm. |
||
| 650 | 0 |
_aPrayer. _9332 |
|
| 870 | 1 | 9 |
_j100/1 _aTorrey, Reuben Archer, _d1856-1928. |
| 942 |
_2ddc _cBK _02 |
||